000 00423nam a2200145Ia 4500
008 211109s9999||||xx |||||||||||||| ||und||
082 _a894.8121
_bBHA-T
100 _aBhakthavalsala Reddy, N
245 0 _aThelugu Kavitha 1900-1980
260 _bDC Books
_aKottayam
_c1991
300 _a240p
630 _xGeneral stack
650 _aMalayalam lietarature
_vMalayalam poetry
_xLiterature & rhetoricMalayalam
942 _cBOOK
999 _c51679
_d51679